|
|
|
|
| LEADER |
01277nam a2200265 a 4500 |
| 001 |
GR-MES16166 |
| 003 |
GR-PaULI |
| 005 |
20211022140805.0 |
| 008 |
140128s2005 gr g 000 0 gre d |
| 952 |
|
|
|0 0
|1 0
|2 ddc
|4 0
|6 629_800000000000000_ΥΦΑ
|7 0
|9 274142
|a MSLG
|b MSLG
|c EUD
|d 2021-01-17
|e 24
|f 0
|g 0.00
|l 0
|o 629.8 ΥΦΑ
|p 2420000026282
|r 2021-01-17 00:00:00
|t 1
|w 2021-01-17
|y BK15
|x 20140128 0 ΧΑΣΑΝΗ 1
|x GrPaTEI
|
| 952 |
|
|
|0 0
|1 0
|2 ddc
|4 0
|6 629_800000000000000_ΥΦΑ
|7 0
|9 329726
|a LISP
|b LISP
|c BSC
|d 2021-10-22
|i 37841
|l 0
|o 629.8 ΥΦΑ
|p 025000286279
|r 2021-10-22 00:00:00
|t 2
|w 2021-10-22
|y BK15
|
| 999 |
|
|
|c 158617
|d 158617
|
| 020 |
|
|
|a 9604115383
|
| 040 |
|
|
|a GR-PaULI
|b gre
|c GR-PaULI
|e AACR2
|
| 082 |
0 |
4 |
|a 629.8
|2 23
|
| 100 |
|
|
|a Υφαντής, Απόστολος Κ.
|9 136164
|e συγγραφέας.
|
| 245 |
1 |
0 |
|a Σύγχρονα θέματα συστημάτων αυτόματου ελέγχου /
|c Απόστολος Υφαντής.
|
| 250 |
|
|
|a 2η έκδ.
|
| 260 |
|
|
|a Αθήνα :
|b Ίων,
|c 2005
|
| 300 |
|
|
|a 320 σ. :
|b εικ. ;
|c 24 εκ.
|
| 500 |
|
|
|a Σύστημα "ΕΥΔΟΞΟΣ": αρ. εισ. 26282
|
| 504 |
|
|
|a Περιλαμβάνει βιβλιογραφία.
|
| 650 |
|
4 |
|a Αυτόματος έλεγχος
|
| 942 |
|
|
|2 ddc
|c BK15
|
| 998 |
|
|
|c ΜΠΟΥΡΑΣ
|d 2021-10
|